REFRACTION DISPENSING OPTICS & OPHTHALMIC PROCEDURES (Record no. 18218)

MARC details
000 -LEADER
fixed length control field 00325nam a22001337a 4500
003 - CONTROL NUMBER IDENTIFIER
control field SGT
020 ## - INTERNATIONAL STANDARD BOOK NUMBER
International Standard Book Number 978-93-5090-189-2
082 ## - DEWEY DECIMAL CLASSIFICATION NUMBER
Classification number 617-7
Item number R13G
100 ## - MAIN ENTRY--PERSONAL NAME
Personal name GHAI, ASHWANI K.
245 ## - TITLE STATEMENT
Title REFRACTION DISPENSING OPTICS & OPHTHALMIC PROCEDURES
260 ## - PUBLICATION, DISTRIBUTION, ETC. (IMPRINT)
Place of publication, distribution, etc INDIA
Name of publisher, distributor, etc JAYPEE PUB
Year of Publication 2013
300 ## - PAGE DESCRIPTION
No. of Pages 158
942 ## - ADDED ENTRY ELEMENTS (KOHA)
Source of classification or shelving scheme Dewey Decimal Classification
Koha item type Books
942 ## - ADDED ENTRY ELEMENTS (KOHA)
-- 28
Holdings
Withdrawn status Lost status Source of classification or shelving scheme Damaged status Not for loan Collection code Home library Current library Shelving location Date acquired SGTU Total Checkouts Full call number Accession No. (Barcode) Date last seen Date last borrowed Bill Date Koha item type
    Dewey Decimal Classification     MEDICAL SGT Medical Library SGT Medical Library Reference Book 08/06/2019 SGTU 32 617-7 R13G FM11383 07/08/2025 07/08/2025 08/06/2019 Books